Подробности
| 000 -МАРКЕР |
| контрольное поле |
02144nam2a22003731 4500 |
| 001 - ИДЕНТИФИКАТОР ЗАПИСИ |
| контрольное поле |
v19\rc\1192330 |
| 005 - ИДЕНТИФИКАТОР ВЕРСИИ |
| контрольное поле |
20260407113443.0 |
| 035 ## - ДРУГИЕ СИСТЕМНЫЕ НОМЕРА |
| Идентификатор записи |
(NLR Aleph) 004449863 |
| 100 ## - ДАННЫЕ ОБЩЕЙ ОБРАБОТКИ |
| Данные общей обработки |
20060306d1886 |||y0rusy50 ca |
| 101 0# - ЯЗЫК РЕСУРСА |
| Язык текста, звукозаписи и т.д. |
русский |
| 102 ## - СТРАНА ПУБЛИКАЦИИ ИЛИ ПРОИЗВОДСТВА |
| Страна публикации |
Российская Федерация |
| 105 ## - ПОЛЕ КОДИРОВАННЫХ ДАННЫХ: ТЕКСТОВЫЕ МАТЕРИАЛЫ, МОНОГРАФИЧЕСКИЕ |
| Кодированные данные о монографическом текстовом документе |
y z ||||| |
| 135 ## - ПОЛЕ КОДИРОВАННЫХ ДАННЫХ: ЭЛЕКТРОННЫЕ РЕСУРСЫ |
| Кодированные данные для электронного ресурса |
crmn mmmaaada |
| 200 0# - ЗАГЛАВИЕ И СВЕДЕНИЯ ОБ ОТВЕТСТВЕННОСТИ |
| Основное заглавие |
... 1786 года |
| Первые сведения об ответственности |
[под редакцией Г.В. Есипова] |
| 210 ## - ПУБЛИКАЦИЯ, РАСПРОСТРАНЕНИЕ И ДР. |
| Место издания, распространения и т.д. |
Санктпетербург |
| Имя издателя, распространителя и т. д. |
[Общий Архив Министерства Императорского Двора] |
| Дата издания, распространения и т.д. |
1886 |
| 215 ## - ФИЗИЧЕСКАЯ ХАРАКТЕРИСТИКА |
| Специфическое обозначение материала и объем |
[4], 768 с. |
| 300 ## - ОБЩИЕ ПРИМЕЧАНИЯ |
| Текст примечания |
Общее заглавие: Камер-Фурьерский церемониальный журнал... |
| 325 ## - ПРИМЕЧАНИЕ О КОПИИ |
| Текст примечания |
Копия доступна в Электрон. б-ке РНБ http://vivaldi.nlr.ru/bv000020307/view |
| 461 #0 - УРОВЕНЬ НАБОРА |
| Встроенное поле |
001v19\rc\1192249 |
| -- |
2001#$aКамер-фурьерские журналы...$v... 1786 года$90 |
| Системный номер (АБИС) связанной записи |
5206396 |
| Место публикации |
С.-Петербург |
| Дата публикации |
1850-1916 |
| Имя издателя, распространителя и т.д. |
Типография Департамента Уделов |
| Заглавие |
Камер-фурьерские журналы... |
| Номер тома |
... 1786 года$90 |
| 517 1# - ДРУГИЕ ВАРИАНТЫ ЗАГЛАВИЯ |
| Вариант заглавия |
Камер-фурьерский церемониальный журнал 1786 года |
| 600 #0 - ИМЯ ЛИЦА КАК ПРЕДМЕТ |
| Начальный элемент ввода |
Екатерина |
| Дополнения к именам, кроме дат |
императрица российская |
| Римские цифры |
II |
| Даты |
1729 - 1796 |
| Системный номер авторитетной/нормативной записи |
1053825 |
| Идентификатор авторитетной/нормативной записи |
RU\NLR\AUTH\66407813 |
| 686 1# - ИНДЕКСЫ ДРУГИХ КЛАССИФИКАЦИЙ |
| Индекс |
Т3(2)464,022.1 |
| 702 #0 - ИМЯ ЛИЦА - ВТОРИЧНАЯ ОТВЕТСТВЕННОСТЬ |
| Код отношения |
Прочие |
| Графика поля |
Кириллица |
| Материалы, к которым относится поле |
rus |
| Начальный элемент ввода |
Екатерина |
| Дополнения к именам, кроме дат |
императрица российская |
| Римские цифры |
II |
| Даты |
1729-1796 |
| Системный номер авторитетной/нормативной записи |
112115 |
| Идентификатор авторитетной/нормативной записи |
RU\NLR\AUTH\772098 |
| 702 #1 - ИМЯ ЛИЦА - ВТОРИЧНАЯ ОТВЕТСТВЕННОСТЬ |
| Код отношения |
Редактор |
| Графика поля |
Кириллица |
| Материалы, к которым относится поле |
rus |
| Начальный элемент ввода |
Есипов |
| Часть имени, кроме начального элемента ввода |
Г. В. |
| Даты |
1812-1899 |
| Расширение инициалов личного имени |
Григорий Васильевич |
| Системный номер авторитетной/нормативной записи |
90774 |
| Идентификатор авторитетной/нормативной записи |
RU\NLR\AUTH\77107849 |
| 712 01 - НАИМЕНОВАНИЕ ОРГАНИЗАЦИИ - ВТОРИЧНАЯ ОТВЕТСТВЕННОСТЬ |
| Код отношения |
Издающая организация |
| Начальный элемент ввода |
Россия |
| Структурное подразделение |
Министерство Императорского двора и уделов |
| -- |
Общий архив |
| Системный номер авторитетной/нормативной записи |
382603 |
| Идентификатор авторитетной/нормативной записи |
RU\NLR\AUTH\889943705 |
| 801 #0 - ИСТОЧНИК ЗАПИСИ |
| Страна |
Российская Федерация |
| Организация |
NLR |
| Правила каталогизации |
psbo |
| 801 #1 - ИСТОЧНИК ЗАПИСИ |
| Страна |
Российская Федерация |
| Организация |
ProSoft-M |
| Источник данных |
rusmarc |
| 852 ## - МЕСТОНАХОЖДЕНИЕ И ШИФР ХРАНЕНИЯ |
| Идентификатор организации |
NLR |
| Шифр хранения (Call Number) |
38.80.3.1 (1786) |
| 942 ## - ДОПОЛНИТЕЛЬНЫЕ ЭЛЕМЕНТЫ ЗАПИСИ (АБИС) |
| Тип экземпляра АБИС |
Книга |
| 980 ## - КОЛЛЕКЦИЯ |
| Название коллекции |
Национальная библиография |
| 981 22 - КОЛЛЕКЦИЯ ЭЛЕКТРОННОЙ БИБЛИОТЕКИ |
| Название коллекции |
Материалы по истории России |
| Название подколлекции |
2.03.1.1. Камер-фурьерские журналы |